Tropical forestry (Record no. 81445)

MARC details
000 -LEADER
fixed length control field 01192nam a2200241 a 4500
008 - FIXED-LENGTH DATA ELEMENTS--GENERAL INFORMATION
fixed length control field 060316s1992 ||||||||||||||||| || u
020 ## - INTERNATIONAL STANDARD BOOK NUMBER
International Standard Book Number 0582775221
050 ## - LIBRARY OF CONGRESS CALL NUMBER
Classification number SD 391 Red
100 ## - MAIN ENTRY--PERSONAL NAME
Personal name Hall, J. B. (John Bartholomew), 1932-
245 10 - TITLE STATEMENT
Title Tropical forestry
260 ## - PUBLICATION, DISTRIBUTION, ETC.
Place of publication, distribution, etc. Harlow :
Name of publisher, distributor, etc. Longman Scientific & Technical
Date of publication, distribution, etc. 1992
300 ## - PHYSICAL DESCRIPTION
Extent vi, 183 p. : ill.
350 ## -
-- 0.00
490 ## -
-- Intermediate tropical agriculture series
500 ## - GENERAL NOTE
General note Includes bibliographical references and index.
650 ## - SUBJECT ADDED ENTRY--TOPICAL TERM
Topical term or geographic name entry element FOREST MANAGEMENT--TROPICS
650 ## - SUBJECT ADDED ENTRY--TOPICAL TERM
Topical term or geographic name entry element FORESTS AND FORESTRY--TROPICS
700 ## - ADDED ENTRY--PERSONAL NAME
Personal name Redhead, J.F
995 ## -
-- BINDERY (DAMAGED)
-- 0.00
-- 020862
-- CBU-MAIN LIBRARY (Kitwe)
-- 4
-- 10.00
-- SD 391 Red
-- 2
-- DAMAGED
-- 020862
-- Main Library Open Access Collection
995 ## -
-- SHORT LOAN BOOKS
-- 0.00
-- 728864
-- CBU-MAIN LIBRARY (Kitwe)
-- 3
-- 10.00
-- SD 391 Red
-- 4
-- AVAILABLE
-- 020701
-- Short Loan Collection
995 ## -
-- BINDERY (DAMAGED)
-- 0.00
-- 728936
-- CBU-MAIN LIBRARY (Kitwe)
-- 2
-- 10.00
-- SD 391 Red
-- 1
-- DAMAGED
-- 020861
-- Main Library Open Access Collection
995 ## -
-- SHORT LOAN BOOKS
-- 0.00
-- 728863
-- CBU-MAIN LIBRARY (Kitwe)
-- 1
-- 10.00
-- SD 391 Red
-- 3
-- AVAILABLE
-- 020700
-- Short Loan Collection
999 ## -
-- 81445
-- 81445
Holdings
Withdrawn status Lost status Source of classification or shelving scheme Damaged status Not for loan Permanent Location Current Location Shelving location Date acquired Total Checkouts Full call number Barcode Date last seen Copy number Price effective from Koha item type
          CBU-MAIN LIBRARY, KITWE. CBU-MAIN LIBRARY, KITWE.   08/18/2023   SD 391 Red 020862 08/18/2023 1 08/18/2023 MONOGRAPH
          CBU-MAIN LIBRARY, KITWE. CBU-MAIN LIBRARY, KITWE.   08/18/2023   SD 391 Red 020701 08/18/2023 2 08/18/2023 SHORT LOAN COLLECTION
          CBU-MAIN LIBRARY, KITWE. CBU-MAIN LIBRARY, KITWE.   08/18/2023   SD 391 Red 020861 08/18/2023 3 08/18/2023 MONOGRAPH
          CBU-MAIN LIBRARY, KITWE. CBU-MAIN LIBRARY, KITWE.   08/18/2023   SD 391 Red 020700 08/18/2023 4 08/18/2023 SHORT LOAN COLLECTION